Technical project for hop cutting equipment in low trellis system

Bibliographic Details
Main Authors: Hoffmann, David (Author), Rybka, Adolf (Author), Honzík, Ivo (Author), Heřmánek, Petr (Author)
Format: Article
Language:English
ISBN:9788096815081

MARC

LEADER 00000naa a2200000uu 4500
001 vtls011039574
003 SK-MaSNL
005 20260302124627.0
008 210905|2011 xo |||||||||||||||||eng|
015 |a SNBRA 
035 |a (urnnbn)urn:nbn:sk:snk:ar-008x3m 
035 |a (uuid)55a0bc93-7f6d-47cd-ad12-0bff0e2084c6 
035 |a urn:nbn:sk:snk-aausn0 
040 |a SNKBUCL  |b slo  |c SNKBUCL  |e AACR2 
041 0 |a eng 
044 |a xo  |c SK 
100 1 |a Hoffmann, David  |4 aut  |9 668054 
245 1 0 |a Technical project for hop cutting equipment in low trellis system  |c David HOFFMANN, Adolf RYBKA, Ivo HONZÍK, Petr HEŘMÁNEK 
700 1 |a Rybka, Adolf  |4 aut  |9 776701 
700 1 |a Honzík, Ivo  |4 aut  |9 779077 
700 1 |a Heřmánek, Petr  |4 aut  |9 620142 
773 0 |t Riadenie tekutinových systémov 2011  |d Žilina : Hydropneutech, 2011  |g S. 7  |z 9788096815081 
958 |a OND 
958 |a article12 
958 |a chapter 
999 |c 1289082  |d 1291012